<?xml version="1.0" encoding="UTF-8"?>
<record
    xmlns:xsi="http://www.w3.org/2001/XMLSchema-instance"
    xsi:schemaLocation="http://www.loc.gov/MARC21/slim http://www.loc.gov/standards/marcxml/schema/MARC21slim.xsd"
    xmlns="http://www.loc.gov/MARC21/slim">

  <leader>02639nam a2200325 a 4500</leader>
  <controlfield tag="001">000017855</controlfield>
  <controlfield tag="003"> DO-SdBPM</controlfield>
  <controlfield tag="005">20250918103852.0</controlfield>
  <controlfield tag="007">ta</controlfield>
  <controlfield tag="008">100406s1998    dr abc        000 0 spa d</controlfield>
  <datafield tag="040" ind1=" " ind2=" ">
    <subfield code="a">DO-SdBPM</subfield>
    <subfield code="b">spa</subfield>
    <subfield code="c">BPMSU</subfield>
    <subfield code="d">rda</subfield>
  </datafield>
  <datafield tag="082" ind1=" " ind2="4">
    <subfield code="a">972.93054</subfield>
    <subfield code="b">F827b 1998</subfield>
    <subfield code="2">22</subfield>
  </datafield>
  <datafield tag="100" ind1="1" ind2=" ">
    <subfield code="a">Franjul, Miguel,</subfield>
    <subfield code="d">1951-</subfield>
    <subfield code="e">autor </subfield>
  </datafield>
  <datafield tag="245" ind1="1" ind2="0">
    <subfield code="a">Bosch :</subfield>
    <subfield code="b">noventa d&#xED;as de clandestinidad /</subfield>
    <subfield code="c">Miguel Franjul.</subfield>
  </datafield>
  <datafield tag="264" ind1=" " ind2=" ">
    <subfield code="a">Santo Domingo :</subfield>
    <subfield code="b">Franjul, Analista &amp; Asesores,</subfield>
    <subfield code="c">1998.</subfield>
  </datafield>
  <datafield tag="300" ind1=" " ind2=" ">
    <subfield code="a">262 p&#xE1;ginas  :</subfield>
    <subfield code="b">il.ustraciones, mapa., retrato.;</subfield>
    <subfield code="c">23 cm.</subfield>
  </datafield>
  <datafield tag="336" ind1=" " ind2=" ">
    <subfield code="a">texto</subfield>
    <subfield code="b">txt</subfield>
    <subfield code="2">rdacontent</subfield>
  </datafield>
  <datafield tag="337" ind1=" " ind2=" ">
    <subfield code="a">sin mediaci&#xF3;n</subfield>
    <subfield code="b">n</subfield>
    <subfield code="2">rdamedia</subfield>
  </datafield>
  <datafield tag="338" ind1=" " ind2=" ">
    <subfield code="a">volumen</subfield>
    <subfield code="b">nc</subfield>
    <subfield code="2">rdacarrier</subfield>
  </datafield>
  <datafield tag="490" ind1="0" ind2=" ">
    <subfield code="a">Cr&#xF3;nicas period&#xED;sticas,</subfield>
    <subfield code="v">2</subfield>
  </datafield>
  <datafield tag="500" ind1=" " ind2=" ">
    <subfield code="a">Incluye datos biogr&#xE1;ficos del autor en las solapas.</subfield>
  </datafield>
  <datafield tag="505" ind1="0" ind2=" ">
    <subfield code="a">PIMER CAP&#xCD;TULO. Van a matar al presidente, 15 -- El secuestro de los misioneros, 18 -- Se descubre la presencia de Caama&#xF1;o, 27 -- Francis vendr&#xE1; un d&#xED;a, 34. Toribio inicia sus contactos, 41 --. Bosch entra en la clandestinidad, 49 -- SEGUNDO CAP&#xCD;TULO. Los manuscritos, 73 -- El primer manuscrito,74 -- El segundo manuscrito, 80 -- El tercer manuscrito, 86 -- Hay que limpiar la catedral, 90 -- JB denuncia &#xC1;guila feliz, 94 -- TERCER CAP&#xCD;TULO. El estado de emergencia, 105 -- El cuarto manuscrito, 109 -- Bosch, en su refugio, 120. El quinto manuscrito, 127. Bosch cambia de sitio, 130. El sexto manuscrito, 134 -- Balaguer vuelve a Ocoa, 144 -- El s&#xE9;ptimo manuscrito, 144 -- CUARTO CAP&#xCD;TULO. Bosch se intoxica, 159 -- Toribio, disfrazado de ingeniero, 163 -- Bosch se recupera, 167 -- El octavo manuscrito, 168 -- La polic&#xED;a llega al apartamento, 173 -- El noveno manuscrito, 175 -- La muerte de Caama&#xF1;o, 185 -- Bosch se enferma de nuevo, 190 -- QUINTO CAP&#xCD;TULO. Las im&#xE1;genes de Caama&#xF1;o muerto, 195 -- Pe&#xF1;a, a punto de ser descubierto, 17-- Torio, en contracorriente, 205 -- C&#xF3;mo Bosch pasaba el tiempo, 206 -- SEXTO CAP&#xCD;TULO. Doce d&#xED;as de silencio, 211-- El d&#xE9;cimo manuscrito, 211 -- Aparece el guerrillero, 217 --  Bosch: tendr&#xE1;n que matarme, 223 -- Clandestinidad y manuscrito, 231 -- S&#xC9;PTIMO CAP&#xCD;TULO. Bosch reaparece, 237 -- Bosch: gravemente enfermo,243 -- El duod&#xE9;cimo y &#xFA;ltimo manuscrito, 249 --  Fin de la clandestinidad, 255.</subfield>
  </datafield>
  <datafield tag="590" ind1=" " ind2=" ">
    <subfield code="a">Inventariado, 2025/VM</subfield>
  </datafield>
  <datafield tag="600" ind1="1" ind2="4">
    <subfield code="a"> Bosch, Juan, </subfield>
    <subfield code="d">1909-2001</subfield>
    <subfield code="v"> Biograf&#xED;as</subfield>
  </datafield>
  <datafield tag="650" ind1=" " ind2="7">
    <subfield code="a">Guerrillas</subfield>
    <subfield code="z">Rep&#xFA;blica Dominicana</subfield>
    <subfield code="x">Historia</subfield>
  </datafield>
  <datafield tag="650" ind1=" " ind2="7">
    <subfield code="a">Persecuciones pol&#xED;ticas</subfield>
    <subfield code="z">Rep&#xFA;blica Dominicana</subfield>
    <subfield code="x">Historia</subfield>
  </datafield>
  <datafield tag="651" ind1=" " ind2="7">
    <subfield code="a">Rep&#xFA;blica Dominicana</subfield>
    <subfield code="x">Pol&#xED;tica Y Gobierno,</subfield>
    <subfield code="y">1961-1965</subfield>
    <subfield code="2"> </subfield>
  </datafield>
  <datafield tag="910" ind1=" " ind2=" ">
    <subfield code="a">VMateo V. Control de calidad BPMSU</subfield>
  </datafield>
  <datafield tag="942" ind1=" " ind2=" ">
    <subfield code="2">ddc</subfield>
    <subfield code="c">BK</subfield>
  </datafield>
  <datafield tag="952" ind1=" " ind2=" ">
    <subfield code="0">0</subfield>
    <subfield code="1">0</subfield>
    <subfield code="2">ddc</subfield>
    <subfield code="7">0</subfield>
    <subfield code="8">CD</subfield>
    <subfield code="a">BPMET</subfield>
    <subfield code="b">BPMET</subfield>
    <subfield code="d">2025-09-18</subfield>
    <subfield code="l">0</subfield>
    <subfield code="o">BPMSU CD 972.93054 F827b 1998</subfield>
    <subfield code="p">BPMSU25090082</subfield>
    <subfield code="r">2025-09-18</subfield>
    <subfield code="w">2025-09-18</subfield>
    <subfield code="y">BK</subfield>
  </datafield>
  <datafield tag="999" ind1=" " ind2=" ">
    <subfield code="c">15404</subfield>
    <subfield code="d">15404</subfield>
  </datafield>
</record>
